000 00524nam a2200181Ia 4500
001 24225
005 20260414151029.0
008 260414t2017||||xx |||||||||||||| ||spa||
041 _aESP
082 _a791.4575
_bC27
100 _aCappello, Giancarlo
_eAUT
245 0 _aFicciones cercanas, televisión, narración y espíritu de los tiempos :
_btelevisión, narración y espíritu de los tiempos
260 _c2017
300 _a331 páginas :
_c25 cm.
650 _aCIS
654 _aCAN
942 _cLIB
_dJUS
_fJUS
_2ddc
_n
999 _c24225
_d24225